Who's in charge? / (Record no. 5798)
[ view plain ]
| 000 -LEADER | |
|---|---|
| fixed length control field | 00838nam a22002657a 4500 |
| 001 - CONTROL NUMBER | |
| control field | 5798 |
| 003 - CONTROL NUMBER IDENTIFIER | |
| control field | FISKH |
| 005 - DATE AND TIME OF LATEST TRANSACTION | |
| control field | 20250122162700.0 |
| 008 - FIXED-LENGTH DATA ELEMENTS--GENERAL INFORMATION | |
| fixed length control field | 250122b cb ||||| |||| 00| 0 eng d |
| 020 ## - INTERNATIONAL STANDARD BOOK NUMBER | |
| International Standard Book Number | 9780756671518 |
| 040 ## - CATALOGING SOURCE | |
| Original cataloging agency | FISKH |
| Language of cataloging | eng |
| Transcribing agency | FISKH |
| Modifying agency | FISKH |
| 050 ## - LIBRARY OF CONGRESS CALL NUMBER | |
| Classification number | JA70.W46 |
| 082 ## - DEWEY DECIMAL CLASSIFICATION NUMBER | |
| Classification number | 320 |
| 100 ## - MAIN ENTRY--PERSONAL NAME | |
| Personal name | Marr, Andrew |
| 245 ## - TITLE STATEMENT | |
| Title | Who's in charge? / |
| Statement of responsibility, etc. | Foreword by Andrew Marr |
| 250 ## - EDITION STATEMENT | |
| Edition statement | This paperback edition published in 2010 |
| 260 ## - PUBLICATION, DISTRIBUTION, ETC. | |
| Place of publication, distribution, etc. | London : |
| Name of publisher, distributor, etc. | DK Publishing , |
| Date of publication, distribution, etc. | 2010 . |
| 300 ## - PHYSICAL DESCRIPTION | |
| Extent | 96 pages : |
| Other physical details | color illustrations ; |
| Dimensions | 28 cm . |
| 490 ## - SERIES STATEMENT | |
| Series statement | DK Big Questions |
| 520 ## - SUMMARY, ETC. | |
| Summary, etc. | Introduces politicians and how laws are made, what hapens in government and how the reader can get involved. |
| 650 ## - SUBJECT ADDED ENTRY--TOPICAL TERM | |
| Topical term or geographic name entry element | social studies |
| Form subdivision | non-fictio |
| 700 ## - ADDED ENTRY--PERSONAL NAME | |
| Personal name | Godwin, Natalie |
| Relator term | designer |
| 942 ## - ADDED ENTRY ELEMENTS (KOHA) | |
| Source of classification or shelving scheme | Dewey Decimal Classification |
| Koha item type | Books |
| Suppress in OPAC | No |
| Withdrawn status | Lost status | Source of classification or shelving scheme | Damaged status | Not for loan | Collection | Home library | Current library | Shelving location | Date acquired | Total Checkouts | Full call number | Barcode | Date last seen | Price effective from | Koha item type |
|---|---|---|---|---|---|---|---|---|---|---|---|---|---|---|---|
| Dewey Decimal Classification | Non-Fiction | Footprints International School Library Network Toul Kork Campus | Footprints International School Library Network Toul Kork Campus | TTP Secondary Non-Fiction Bookshelves | 01/22/2025 | MAR 320 JA70.W46 | FISSE01201 | 01/22/2025 | 01/22/2025 | Books |
